00882nam a2200253 a 450000100060000000300080000600500170001400800410003102000150007203500150008703500190010204000320012104100080015308200200016110000450018124500320022626000440025830000210030265001000032370000590042394200120048299900170049495201170051122754BD-RjUL20211209000840.0140309r1954 njubch 000 0 eng d a0691061947 a0691061947 a(BD-RjUL)22819 aDLCcDLCdm.cdBD-RjULbeng aeng04a824.8bTHW 19541 aThoreau, Henry David,d1817-1862.97019410aWalden /cHenry D. Thoreau. aNew york :bA mentor book Press,c1954. a221 p. ;c19 cm.1 aThoreau, Henry David, -- 1817-1862 -- Homes and haunts -- Massachusetts -- Walden Woods.9691011 aShanley, J. Lyndonq(James Lyndon),d1910-1996.969102 2ddccBK c22754d22754 00102ddc40708FICaRUCLbRUCLcStackd2014-03-09l0o824.8 THW 1954r2014-03-09 00:00:00tC-6w2014-03-09yBK